Essays in land law in Tanzania / (Record no. 11657)
[ view plain ]
| 000 -LEADER | |
|---|---|
| fixed length control field | 02005cam a22004212 4500 |
| 001 - CONTROL NUMBER | |
| control field | 0000025357 |
| 005 - DATE AND TIME OF LATEST TRANSACTION | |
| control field | 20151217154523.0 |
| 008 - FIXED-LENGTH DATA ELEMENTS--GENERAL INFORMATION | |
| fixed length control field | 150723s xx 000 0 eng d |
| 020 ## - INTERNATIONAL STANDARD BOOK NUMBER | |
| International Standard Book Number | 9966031303 : |
| 040 ## - CATALOGING SOURCE | |
| Original cataloging agency | KABU |
| Transcribing agency | Kabu |
| 100 1# - MAIN ENTRY--PERSONAL NAME | |
| Personal name | Fimbo, Gamaliel Mgongo. |
| -- | 0000186005 |
| 245 10 - TITLE STATEMENT | |
| Title | Essays in land law in Tanzania / |
| Statement of responsibility, etc. | by Gamaliel Mgongo Fimbo. |
| 260 ## - PUBLICATION, DISTRIBUTION, ETC. (IMPRINT) | |
| Place of publication, distribution, etc. | Dar-es-Salaam : |
| Name of publisher, distributor, etc. | Law Africa, |
| Date of publication, distribution, etc. | 2013. |
| 300 ## - PHYSICAL DESCRIPTION | |
| Extent | xxii, 150 p. |
| 650 #0 - SUBJECT ADDED ENTRY--TOPICAL TERM | |
| Topical term or geographic name as entry element | Land use |
| General subdivision | Law and legislation |
| Geographic subdivision | Tanzania. |
| -- | 0000186006 |
| 650 #0 - SUBJECT ADDED ENTRY--TOPICAL TERM | |
| Topical term or geographic name as entry element | Land tenure |
| General subdivision | Law and legislation |
| Geographic subdivision | Tanzania. |
| -- | 0000150956 |
| 852 1# - LOCATION | |
| -- | p800 KES |
| 852 1# - LOCATION | |
| -- | p800 KES |
| 852 1# - LOCATION | |
| -- | p800 KES |
| 852 1# - LOCATION | |
| -- | p800 KES |
| 852 1# - LOCATION | |
| -- | p800 KES |
| 852 1# - LOCATION | |
| -- | p800 KES |
| 852 1# - LOCATION | |
| -- | p800 KES |
| 852 1# - LOCATION | |
| -- | p800 KES |
| 852 1# - LOCATION | |
| -- | p800 KES |
| 852 1# - LOCATION | |
| -- | p800 KES |
| 852 1# - LOCATION | |
| -- | p800 KES |
| 852 1# - LOCATION | |
| -- | p800 KES |
| 852 1# - LOCATION | |
| -- | p800 KES |
| 852 1# - LOCATION | |
| -- | p800 KES |
| 852 1# - LOCATION | |
| -- | p800 KES |
| 852 1# - LOCATION | |
| -- | p800 KES |
| 852 1# - LOCATION | |
| -- | p800 KES |
| 852 1# - LOCATION | |
| -- | p800 KES |
| 852 1# - LOCATION | |
| -- | p800 KES |
| 908 ## - PUT COMMAND PARAMETER (RLIN) | |
| Put command parameter | 150723 |
| 950 ## - LOCAL HOLDINGS (RLIN) | |
| -- | 1 |
| Withdrawn status | Lost status | Source of classification or shelving scheme | Not for loan | Home library | Current library | Date acquired | Total Checkouts | Full call number | Barcode | Date last seen | Price effective from | Koha item type | Date last checked out |
|---|---|---|---|---|---|---|---|---|---|---|---|---|---|
| Library of Congress Classification | Kabarak, Main Campus | Kabarak, Main Campus | 17/12/2015 | KTT254.2 .F56 2013 c. 2 | 019015 | 17/12/2015 | 17/12/2015 | General Collection | |||||
| Library of Congress Classification | Kabarak, Main Campus | Kabarak, Main Campus | 17/12/2015 | KTT254.2 .F56 2013 c. 3 | 019012 | 17/12/2015 | 17/12/2015 | General Collection | |||||
| Library of Congress Classification | Kabarak, Main Campus | Kabarak, Main Campus | 17/12/2015 | KTT254.2 .F56 2013 c. 4 | 019025 | 17/12/2015 | 17/12/2015 | General Collection | |||||
| Library of Congress Classification | Kabarak, Main Campus | Kabarak, Main Campus | 17/12/2015 | KTT254.2 .F56 2013 c. 5 | 019017 | 17/12/2015 | 17/12/2015 | General Collection | |||||
| Library of Congress Classification | Kabarak, Main Campus | Kabarak, Main Campus | 17/12/2015 | KTT254.2 .F56 2013 c. 6 | 019023 | 17/12/2015 | 17/12/2015 | General Collection | |||||
| Library of Congress Classification | Kabarak, Main Campus | Kabarak, Main Campus | 17/12/2015 | KTT254.2 .F56 2013 c. 7 | 019030 | 17/12/2015 | 17/12/2015 | General Collection | |||||
| Library of Congress Classification | Kabarak, Main Campus | Kabarak, Main Campus | 17/12/2015 | 1 | KTT254.2 .F56 2013 c. 8 | 019019 | 22/03/2023 | 17/12/2015 | General Collection | 22/03/2023 | |||
| Library of Congress Classification | Kabarak, Main Campus | Kabarak, Main Campus | 17/12/2015 | KTT254.2 .F56 2013 c. 9 | 019011 | 17/12/2015 | 17/12/2015 | General Collection | |||||
| Library of Congress Classification | Kabarak, Main Campus | Kabarak, Main Campus | 17/12/2015 | KTT254.2 .F56 2013 c. 10 | 019016 | 17/12/2015 | 17/12/2015 | General Collection | |||||
| Library of Congress Classification | Kabarak, Main Campus | Kabarak, Main Campus | 17/12/2015 | KTT254.2 .F56 2013 c. 11 | 019014 | 17/12/2015 | 17/12/2015 | General Collection | |||||
| Library of Congress Classification | Kabarak, Main Campus | Kabarak, Main Campus | 17/12/2015 | KTT254.2 .F56 2013 c. 12 | 019029 | 17/12/2015 | 17/12/2015 | General Collection | |||||
| Library of Congress Classification | Kabarak, Main Campus | Kabarak, Main Campus | 17/12/2015 | 1 | KTT254.2 .F56 2013 c. 13 | 019028 | 19/01/2023 | 17/12/2015 | General Collection | 08/12/2022 | |||
| Library of Congress Classification | Kabarak, Main Campus | Kabarak, Main Campus | 17/12/2015 | KTT254.2 .F56 2013 c. 14 | 019026 | 17/12/2015 | 17/12/2015 | General Collection | |||||
| Library of Congress Classification | Kabarak, Main Campus | Kabarak, Main Campus | 17/12/2015 | KTT254.2 .F56 2013 c. 15 | 019024 | 17/12/2015 | 17/12/2015 | General Collection | |||||
| Library of Congress Classification | Kabarak, Main Campus | Kabarak, Main Campus | 17/12/2015 | KTT254.2 .F56 2013 c. 16 | 019022 | 17/12/2015 | 17/12/2015 | General Collection | |||||
| Library of Congress Classification | Kabarak, Main Campus | Kabarak, Main Campus | 17/12/2015 | KTT254.2 .F56 2013 c. 17 | 019020 | 17/12/2015 | 17/12/2015 | General Collection | |||||
| Library of Congress Classification | Kabarak, Main Campus | Kabarak, Main Campus | 17/12/2015 | KTT254.2 .F56 2013 c. 18 | 019027 | 17/12/2015 | 17/12/2015 | General Collection | |||||
| Library of Congress Classification | Kabarak, Main Campus | Kabarak, Main Campus | 17/12/2015 | KTT254.2 .F56 2013 c. 19 | 019013 | 17/12/2015 | 17/12/2015 | General Collection | |||||
| Library of Congress Classification | Kabarak, Main Campus | Kabarak, Main Campus | 17/12/2015 | KTT254.2 .F56 2013 c. 20 | 019021 | 17/12/2015 | 17/12/2015 | General Collection | |||||
| Library of Congress Classification | Kabarak, Main Campus | Kabarak, Main Campus | 17/12/2015 | KTT254.2 .F56 2013 c. 1 | 019018 | 17/12/2015 | 17/12/2015 | Africana Collection |